| 000 | 00518nam a22001692 4500 | ||
|---|---|---|---|
| 001 | 0000024665 | ||
| 005 | 20151217161645.0 | ||
| 008 | 140123s xx 000 0 eng d | ||
| 040 |
_aKABU _cKABU |
||
| 100 | 1 |
_aMbalilwa Khateshi Gaudenzia. _@0000185047 |
|
| 245 | 1 | 0 |
_aChildren rights to education in Kenya : _bemerging issues and other comparatives / _cMbalilwa Khateshi Gaudenzia. |
| 260 | _c2013. | ||
| 300 | _axiii, 49 leaves. | ||
| 908 | _a140123 | ||
| 950 | _@1 | ||
| 999 |
_c15507 _d15507 |
||